Представление документа в формате RUSMARC

ПолеНазваниеЗначение
  Тип записи a
  Библиографический уровень m
001 Контрольный номер RU/SLIB/B/208703698
005 Дата корректировки 20241018161927.3
010 Индекс ISBN __
d Цена 12-09
101 Язык документа __
a Язык текста rus
c Язык оригинала rus
200 Заглавие и сведения об ответственности 0_
a Заглавие Фридрих Великий
f Первые сведения об ответственности Кони Ф. А.
b Общее обозначение материала Текст
210 Выходные данные __
a Место издания Ростов н/Д
c Издательство Феникс
210 Выходные данные __
a Место издания М.
c Издательство Зевс
d Дата издания 1997
215 Физическое описание __
a Объем 543 с.
c Иллюстрации/тип воспроизводства ил.
225 Серия __
a Серия След в истоpии
600 Персоналии __
a Персоналии (Фамилия) Фридрих
606 Тематические рубрики __
a Основная рубрика История
606 Тематические рубрики __
a Основная рубрика Европа в XVI в. - 1918 г.
606 Тематические рубрики __
y Географическая подрубрика Германия; Пруссия
610 Ключевые слова __
a Ключевые слова биографии; исторические личности; короли; государственные деятели; внешняя политика; внутренняя политика
686 Индексы других классификаций __
2 Код системы rubbks
a Классификационный индекс 63.3(4Гем)5-8
700 Автор _1
a Фамилия Кони
b Имя Ф. А.
4 Код отношения 070
801 Источник записи _0
a Страна RU
b Организация Муниципальное бюджетное учреждение культуры "Централизованная библиотечная система" г. Сургут (Центральная городская библиотека им. А. С. Пушкина)
g Правила каталогизации ОБ/Шулаева
801 Источник записи _1
a Страна RU
b Организация Муниципальное бюджетное учреждение культуры "Централизованная библиотечная система" г. Сургут (Центральная городская библиотека им. А. С. Пушкина)
g Правила каталогизации ОБ/Шулаева
852 Данные о местонахождении __
j Шифр хранения 63.3(4Гем)5-8
c Каталожный индекс 63.3(4Гем)-8
i Авторский знак К 64
p Инвентарный номер 73464
901 Тип документа __
t Тип документа m
903 Характеристики (МАРС) __
a Дата передачи 19991018
990 Данные о заказе (DOS) 00
j Количество экземпляров (DOS) 1
t N записи в КСУ для И/У (DOS) 199901